[Event "Berlin-ch QT"]
[Site "Berlin"]
[Date "2017.04.14"]
[Round "6"]
[White "Roho, Kevin"]
[Black "Huels, Marco"]
[Result "1/2-1/2"]
[WhiteElo "1792"]
[BlackElo "1977"]
[PlyCount "54"]
[EventDate "2017.04.09"]
[EventType "swiss"]
[EventRounds "9"]
[EventCountry "GER"]
[SourceTitle "CBM 189 Extra"]
[Source "ChessBase"]
[SourceDate "2019.05.31"]
[SourceVersion "1"]
[SourceVersionDate "2019.05.31"]
[SourceQuality "1"]

1. e4 e6 2. d3 d5 3. Nd2 b6 4. Ngf3 Bb7 5. g3 Nf6 6. Qe2 Be7 7. Bg2 c5 8. 0-0 Nc6 9. c3 Qc7 10. Re1 h6 11. Nf1 0-0-0 12. h4 Ba6 13. Qc2 Kb7 14. e5 Nd7 15. d4 Rc8 16. a3 c4 17. Be3 Na5 18. Re2 Rcg8 19. N3h2 Bb5 20. Rae1 Qd8 21. Nd2 Qe8 22. f4 g5 23. hxg5 hxg5 24. f5 Nb3 25. Rf2 Ba4 26. Nxb3 Bxb3 27. Qd2 Bd8 1/2-1/2

[Event "Berlin-ch QT"]
[Site "Berlin"]
[Date "2017.04.13"]
[Round "5"]
[White "Neuenbaumer, Jan Holger"]
[Black "Roho, Kevin"]
[Result "0-1"]
[WhiteElo "1906"]
[BlackElo "1792"]
[PlyCount "34"]
[EventDate "2017.04.09"]
[EventType "swiss"]
[EventRounds "9"]
[EventCountry "GER"]
[SourceTitle "CBM 189 Extra"]
[Source "ChessBase"]
[SourceDate "2019.05.31"]
[SourceVersion "1"]
[SourceVersionDate "2019.05.31"]
[SourceQuality "1"]

1. e4 d5 2. exd5 Nf6 3. d4 Nxd5 4. c4 Nb6 5. Nc3 e5 6. dxe5 Qxd1+ 7. Kxd1 Be6 8. Nb5 Kd7 9. b3 Nc6 10. Bb2 Rd8 11. f4 Kc8+ 12. Kc1 Bc5 13. Nf3 Be3+ 14. Kc2 Bf5+ 15. Kc3 a6 16. Re1 axb5 17. Rxe3 b4# 0-1

[Event "Berlin-ch QT"]
[Site "Berlin"]
[Date "2017.04.11"]
[Round "3"]
[White "Roho, Kevin"]
[Black "Arndt, Uwe"]
[Result "1-0"]
[WhiteElo "1792"]
[BlackElo "2020"]
[PlyCount "67"]
[EventDate "2017.04.09"]
[EventType "swiss"]
[EventRounds "9"]
[EventCountry "GER"]
[SourceTitle "CBM 189 Extra"]
[Source "ChessBase"]
[SourceDate "2019.05.31"]
[SourceVersion "1"]
[SourceVersionDate "2019.05.31"]
[SourceQuality "1"]

1. e4 c6 2. d4 d5 3. exd5 cxd5 4. c4 Nf6 5. Nc3 e6 6. Nf3 Nc6 7. Bg5 Be7 8. c5 0-0 9. Bb5 Ne4 10. Bxe7 Qxe7 11. Bxc6 Nxc3 12. bxc3 bxc6 13. Qa4 e5 14. 0-0 e4 15. Ne5 Bd7 16. c4 f6 17. Nxc6 Bxc6 18. Qxc6 dxc4 19. Qd5+ Kh8 20. Rfe1 f5 21. Qxc4 f4 22. d5 e3 23. Qd4 exf2+ 24. Qxf2 Qg5 25. Qf3 Rf5 26. d6 Raf8 27. c6 R5f6 28. d7 Qc5+ 29. Kh1 Rxc6 30. Rad1 Rd6 31. Rxd6 Qxd6 32. Re8 Qb4 33. Rxf8+ Qxf8 34. Qe4 1-0

[Event "Berlin Kreuzberg op"]
[Site "Berlin"]
[Date "2016.07.16"]
[Round "1"]
[White "Roho, Kevin"]
[Black "Rietze, Clemens"]
[Result "0-1"]
[WhiteElo "1857"]
[BlackElo "2359"]
[PlyCount "64"]
[EventDate "2016.07.16"]
[EventType "swiss"]
[EventRounds "9"]
[EventCountry "GER"]
[SourceTitle "CBM 173 Extra"]
[Source "ChessBase"]
[SourceDate "2016.08.29"]
[SourceVersion "1"]
[SourceVersionDate "2016.08.29"]
[SourceQuality "1"]

1. e4 c5 2. c3 Nf6 3. e5 Nd5 4. d4 cxd4 5. Nf3 e6 6. cxd4 Nc6 7. Bc4 d6 8. 0-0 Be7 9. Nc3 Nxc3 10. bxc3 dxe5 11. dxe5 Qc7 12. Qe2 b6 13. Bb2 Bb7 14. Rfe1 0-0 15. Rad1 Rfd8 16. Bb3 Na5 17. Nd4 Rac8 18. Nxe6 fxe6 19. Bxe6+ Kh8 20. Bxc8 Rxc8 21. Qg4 Qc6 22. e6 Nc4 23. Bc1 Qc5 24. Be3 Nxe3 25. Rxe3 Bc6 26. Qd4 Qf5 27. Qe5 Qg4 28. f3 Qg6 29. Red3 h6 30. Rd7 Bc5+ 31. Kh1 Bxd7 32. exd7 Rd8 0-1

[Event "GER-ch U14"]
[Site "Willingen"]
[Date "2016.05.19"]
[Round "7"]
[White "Baltic, Fatih"]
[Black "Roho, Kevin"]
[Result "1-0"]
[WhiteElo "2083"]
[BlackElo "1850"]
[PlyCount "77"]
[EventDate "2016.05.15"]
[EventType "swiss"]
[EventRounds "9"]
[EventCountry "GER"]
[SourceTitle "CBM 172 Extra"]
[Source "ChessBase"]
[SourceDate "2016.06.21"]
[SourceVersion "1"]
[SourceVersionDate "2016.06.21"]
[SourceQuality "1"]

1. e4 e6 2. d4 d5 3. Nd2 c5 4. exd5 exd5 5. Ngf3 Nf6 6. dxc5 Bxc5 7. Nb3 Bb6 8. Bd3 h6 9. Qe2+ Qe7 10. Qxe7+ Kxe7 11. 0-0 Nc6 12. c3 Rd8 13. Nfd4 Nxd4 14. Nxd4 Bxd4 15. cxd4 Re8 16. f3 Bd7 17. Bd2 Rac8 18. Kf2 Rc6 19. Bb4+ Kd8 20. Bc5 b6 21. Bb4 Kc7 22. Bd2 Kb7 23. Rac1 Rxc1 24. Rxc1 Rc8 25. Rg1 h5 26. Re1 Re8 27. Rxe8 Nxe8 28. Kg3 Kc6 29. Kh4 g6 30. Kg5 Kd6 31. Bb4+ Ke6 32. g4 hxg4 33. fxg4 Nd6 34. Bxd6 Kxd6 35. h4 Ke7 36. Be2 Be8 37. Bf3 f6+ 38. Kh6 Ke6 39. Kg7 1-0

[Event "GER-ch U14"]
[Site "Willingen"]
[Date "2016.05.17"]
[Round "5"]
[White "Lange, Jannis"]
[Black "Roho, Kevin"]
[Result "0-1"]
[WhiteElo "1730"]
[BlackElo "1850"]
[PlyCount "76"]
[EventDate "2016.05.15"]
[EventType "swiss"]
[EventRounds "9"]
[EventCountry "GER"]
[SourceTitle "CBM 172 Extra"]
[Source "ChessBase"]
[SourceDate "2016.06.21"]
[SourceVersion "1"]
[SourceVersionDate "2016.06.21"]
[SourceQuality "1"]

1. e4 d5 2. exd5 Nf6 3. d4 Nxd5 4. c4 Nb6 5. Nf3 g6 6. h3 Bg7 7. Nc3 0-0 8. Be3 Nc6 9. Qd2 e5 10. d5 Ne7 11. 0-0-0 f5 12. g4 e4 13. Nd4 c6 14. gxf5 Bxf5 15. Nxf5 gxf5 16. d6 Ng6 17. c5 Nd7 18. Bc4+ Kh8 19. f4 b5 20. Bb3 a5 21. a4 bxa4 22. Bxa4 Qc8 23. h4 Rd8 24. h5 Ngf8 25. Rdg1 Ne6 26. Bb3 Ndxc5 27. Ba2 Nd3+ 28. Kb1 Rb8 29. Rxg7 Nxg7 30. Na4 h6 31. Bd4 Rb7 32. Qc3 c5 33. Bf6 Rxd6 34. Rg1 Qf8 35. Rg6 Kh7 36. Bc4 Nxf4 37. Be7 Qxe7 38. Qg3 Nxg6 0-1

[Event "GER-ch U12"]
[Site "Willingen"]
[Date "2015.05.30"]
[Round "11"]
[White "Koellner, Ruben Gideon"]
[Black "Roho, Kevin"]
[Result "1-0"]
[WhiteElo "1613"]
[BlackElo "1765"]
[PlyCount "93"]
[EventDate "2015.05.24"]
[EventType "swiss"]
[EventRounds "11"]
[EventCountry "GER"]
[SourceTitle "CBM 166 Extra"]
[Source "ChessBase"]
[SourceDate "2015.06.18"]
[SourceVersion "1"]
[SourceVersionDate "2015.06.18"]
[SourceQuality "1"]

1. d4 d5 2. Nf3 c6 3. e3 e6 4. c4 Bd6 5. Nc3 f5 6. g3 Nf6 7. Bg2 0-0 8. b3 Ne4 9. Bb2 Nd7 10. 0-0 Rf6 11. Ne2 Rh6 12. Ne5 Nxe5 13. dxe5 Bc5 14. Bd4 Bxd4 15. Nxd4 Ng5 16. Nf3 Nxf3+ 17. Qxf3 g5 18. Qe2 Qc7 19. f4 g4 20. Rac1 Qb6 21. Qd2 Bd7 22. Qd4 Qxd4 23. exd4 Kf7 24. cxd5 exd5 25. Rc2 Ke6 26. Rfc1 Rg6 27. b4 Rgg8 28. Rc5 Rgc8 29. Kf2 a6 30. a4 b5 31. Ra1 Rcb8 32. Ke3 Rb6 33. axb5 Rxb5 34. Rxb5 cxb5 35. Rc1 Rc8 36. Rc5 Rxc5 37. dxc5 Bc6 38. Kd4 h6 39. h3 h5 40. h4 Bb7 41. c6 Bxc6 42. Kc5 Ba8 43. Kb6 Kd7 44. Kxa6 Ke6 45. Kxb5 d4 46. Bxa8 d3 47. Kc5 1-0

[Event "GER-ch U12"]
[Site "Willingen"]
[Date "2015.05.29"]
[Round "10"]
[White "Roho, Kevin"]
[Black "Muedder, Melanie"]
[Result "1-0"]
[WhiteElo "1765"]
[BlackElo "1511"]
[PlyCount "125"]
[EventDate "2015.05.24"]
[EventType "swiss"]
[EventRounds "11"]
[EventCountry "GER"]
[SourceTitle "CBM 166 Extra"]
[Source "ChessBase"]
[SourceDate "2015.06.18"]
[SourceVersion "1"]
[SourceVersionDate "2015.06.18"]
[SourceQuality "1"]

1. Nf3 d5 2. g3 Nf6 3. Bg2 Nc6 4. d3 h6 5. Nbd2 e5 6. e4 dxe4 7. dxe4 Bc5 8. 0-0 0-0 9. c3 a6 10. Qc2 Re8 11. Nc4 b5 12. Ne3 Bb7 13. Rd1 Qe7 14. Nf5 Qf8 15. Be3 Bxe3 16. Nxe3 Rad8 17. Ne1 Rxd1 18. Rxd1 Rd8 19. Rd2 Rxd2 20. Qxd2 Qd8 21. Qxd8+ Nxd8 22. f3 Ne6 23. Nd3 Nd7 24. Kf2 Nec5 25. Ke2 Nxd3 26. Kxd3 Nc5+ 27. Kd2 Kf8 28. Bf1 f6 29. c4 c6 30. cxb5 axb5 31. b3 g6 32. Kc3 Na6 33. a4 Nc7 34. axb5 cxb5 35. Kb4 Ba6 36. Nd5 Nxd5+ 37. exd5 Ke7 38. Bxb5 Bxb5 39. Kxb5 Kd6 40. Kc4 f5 41. b4 e4 42. fxe4 fxe4 43. Kd4 e3 44. Kxe3 Kxd5 45. Kf4 Kc4 46. Ke5 Kxb4 47. Kf6 g5 48. Kg6 Kc5 49. Kxh6 g4 50. Kg5 Kd6 51. Kxg4 Ke6 52. h4 Kf6 53. Kh5 Kg7 54. Kg5 Kh7 55. g4 Kg7 56. Kf5 Kh7 57. g5 Kg7 58. h5 Kh7 59. Kf6 Kg8 60. g6 Kf8 61. g7+ Kg8 62. h6 Kh7 63. Kf7 1-0

[Event "GER-ch U12"]
[Site "Willingen"]
[Date "2015.05.25"]
[Round "4"]
[White "Roho, Kevin"]
[Black "Bethke, Robert"]
[Result "0-1"]
[WhiteElo "1765"]
[BlackElo "1525"]
[PlyCount "66"]
[EventDate "2015.05.24"]
[EventType "swiss"]
[EventRounds "11"]
[EventCountry "GER"]
[SourceTitle "CBM 166 Extra"]
[Source "ChessBase"]
[SourceDate "2015.06.18"]
[SourceVersion "1"]
[SourceVersionDate "2015.06.18"]
[SourceQuality "1"]

1. e4 e5 2. Bc4 Nc6 3. Nf3 Nf6 4. d4 Bd6 5. dxe5 Nxe5 6. Nxe5 Bxe5 7. 0-0 0-0 8. f4 Bd6 9. e5 Bc5+ 10. Kh1 Ne4 11. Qf3 d5 12. exd6 Nxd6 13. Bd3 Qf6 14. Nc3 Be6 15. Ne4 Qd4 16. c3 Qd5 17. Nxc5 Qxc5 18. Be3 Qd5 19. Qd1 Bf5 20. Bc2 Qe6 21. Bc5 Rad8 22. Bb3 Qg6 23. Qf3 b6 24. Bd4 Be4 25. Qf2 Nf5 26. Be5 Ne3 27. Rg1 Ng4 28. Qh4 Rd2 29. Raf1 Nxe5 30. Rf2 Rxf2 31. Qxf2 Nd3 32. Qe3 Re8 33. Qd2 Nxf4 0-1

[Event "Berlin-ch QT"]
[Site "Berlin"]
[Date "2015.04.07"]
[Round "5"]
[White "Roho, Kevin"]
[Black "Wierzbicki, Jirawat"]
[Result "1/2-1/2"]
[WhiteElo "1792"]
[BlackElo "1893"]
[PlyCount "46"]
[EventDate "2015.04.03"]
[EventType "swiss"]
[EventRounds "9"]
[EventCountry "GER"]
[SourceTitle "EXT 2022"]
[Source "ChessBase"]
[SourceDate "2021.10.06"]
[SourceVersion "1"]
[SourceVersionDate "2021.10.06"]
[SourceQuality "1"]

1. e4 e5 2. Bc4 Nf6 3. d4 exd4 4. Nf3 Nc6 5. 0-0 Nxe4 6. Re1 d5 7. Bxd5 Qxd5 8. Nc3 Qh5 9. Nxe4 Be6 10. Neg5 0-0-0 11. Nxe6 fxe6 12. Rxe6 Bd6 13. Re1 Rhf8 14. h3 h6 15. Bd2 Rf6 16. Re4 Rdf8 17. Qe2 Qg6 18. Re1 Rxf3 19. Rg4 Qf7 20. Qxf3 Qxf3 21. gxf3 Ne5 22. Kg2 Nxg4 23. fxg4 Kd7 1/2-1/2

[Event "GER-chT North U14"]
[Site "Magdeburg"]
[Date "2014.09.11"]
[Round "1.2"]
[White "Roho, Kevin"]
[Black "Bargsten, Justus"]
[Result "1-0"]
[WhiteElo "1679"]
[BlackElo "1572"]
[PlyCount "123"]
[EventDate "2014.09.11"]
[EventType "team-swiss"]
[EventRounds "7"]
[EventCountry "GER"]
[SourceTitle "EXT 2016"]
[Source "ChessBase"]
[SourceDate "2015.10.08"]
[SourceVersion "1"]
[SourceVersionDate "2015.10.08"]
[SourceQuality "1"]
[WhiteTeam "Weisse Dame"]
[BlackTeam "Stade"]
[WhiteTeamCountry "GER"]
[BlackTeamCountry "GER"]

1. e4 c5 2. Nf3 Nc6 3. d3 g6 4. g3 Bg7 5. Bg2 d6 6. c3 Nf6 7. 0-0 0-0 8. Re1 Re8 9. d4 cxd4 10. cxd4 Bg4 11. Nc3 e5 12. d5 Nd4 13. Qd3 Bxf3 14. Bxf3 Nd7 15. Bg2 Nc5 16. Qd1 Qd7 17. Be3 f5 18. Rc1 Rac8 19. exf5 Qxf5 20. Bxd4 exd4 21. Ne4 Nxe4 22. Rxe4 Rxc1 23. Rxe8+ Kf7 24. Qxc1 Kxe8 25. Qe1+ Qe5 26. Qxe5+ Bxe5 27. Be4 Ke7 28. Kf1 Kf8 29. Ke2 Ke7 30. Kd3 b6 31. Kc4 a6 32. Kd3 b5 33. Bf3 Kd7 34. b4 Kc7 35. Bg4 Kb6 36. Bf3 a5 37. a3 h6 38. Bg4 g5 39. Be2 a4 40. Kc2 Ka6 41. Bd3 Kb6 42. Kd2 h5 43. Kc2 h4 44. Kd2 Ka6 45. Ke2 hxg3 46. hxg3 Bf6 47. Kf3 Kb6 48. Kg4 Kc7 49. Kf5 Be5 50. Kxg5 Kd8 51. f4 Bg7 52. Kg6 Bh8 53. Kf7 Kc7 54. g4 Kd8 55. g5 Kd7 56. g6 Kd8 57. g7 Bxg7 58. Kxg7 Ke7 59. f5 Kd8 60. f6 Kc7 61. f7 Kb6 62. f8Q 1-0

[Event "GER-ch U12"]
[Site "Magdeburg"]
[Date "2014.06.11"]
[Round "7"]
[White "Baltic, Fatih"]
[Black "Roho, Kevin"]
[Result "0-1"]
[WhiteElo "1812"]
[BlackElo "1560"]
[PlyCount "102"]
[EventDate "2014.06.08"]
[EventType "swiss"]
[EventRounds "11"]
[EventCountry "GER"]
[SourceTitle "CBM 160 Extra"]
[Source "ChessBase"]
[SourceDate "2014.07.01"]
[SourceVersion "1"]
[SourceVersionDate "2014.07.01"]
[SourceQuality "1"]

1. e4 d5 2. exd5 Nf6 3. Bb5+ Bd7 4. Bc4 Bg4 5. f3 Bf5 6. Nc3 c6 7. dxc6 Nxc6 8. Nge2 e5 9. 0-0 Bc5+ 10. Kh1 0-0 11. d3 Nd4 12. Ng3 Bg6 13. Nge4 Nxe4 14. dxe4 Rc8 15. Bd3 f5 16. exf5 Bxf5 17. Bxf5 Nxf5 18. Qxd8 Rcxd8 19. Ne4 Be3 20. Re1 Bxc1 21. Raxc1 Rfe8 22. Rcd1 Ne3 23. Rxd8 Rxd8 24. c3 Nd5 25. g3 Nf6 26. Nxf6+ gxf6 27. Re2 Kf7 28. Kg1 Rd1+ 29. Kf2 Ke6 30. Ke3 Rh1 31. Rd2 Re1+ 32. Re2 Rh1 33. f4 Rb1 34. fxe5 fxe5 35. Ke4 Rh1 36. Kf3 Rf1+ 37. Kg4 Kd5 38. h4 e4 39. Kh3 Rf3 40. Kg2 Rd3 41. Kh3 e3 42. g4 Ke4 43. Kg3 Rd2 44. Re1 Kd3 45. g5 Rxb2 46. a4 Kd2 47. Rh1 e2 48. Kf2 Rb6 49. h5 Re6 50. g6 hxg6 51. hxg6 Rxg6 0-1

[Event "GER-ch U12"]
[Site "Magdeburg"]
[Date "2014.06.08"]
[Round "2"]
[White "Roho, Kevin"]
[Black "Moenster, Madita"]
[Result "1/2-1/2"]
[WhiteElo "1560"]
[BlackElo "1705"]
[PlyCount "73"]
[EventDate "2014.06.08"]
[EventType "swiss"]
[EventRounds "11"]
[EventCountry "GER"]
[SourceTitle "CBM 160 Extra"]
[Source "ChessBase"]
[SourceDate "2014.07.01"]
[SourceVersion "1"]
[SourceVersionDate "2014.07.01"]
[SourceQuality "1"]

1. e4 c5 2. Nf3 Nc6 3. d3 g6 4. g3 Bg7 5. Bg2 Nf6 6. 0-0 0-0 7. c3 e5 8. Re1 d6 9. d4 cxd4 10. cxd4 Bg4 11. d5 Nd4 12. Be3 Nxf3+ 13. Bxf3 Bh3 14. Nc3 Qd7 15. Bg2 a6 16. Rc1 Rac8 17. Qe2 Bxg2 18. Kxg2 b5 19. Bg5 h6 20. Bxf6 Bxf6 21. Nb1 Bg5 22. Nd2 Rc7 23. h4 Bf6 24. Nb3 Rfc8 25. Rxc7 Rxc7 26. Qf3 Bd8 27. Qe3 Kg7 28. Rc1 Qc8 29. Rxc7 Qxc7 30. Qc1 Qxc1 31. Nxc1 f5 32. f3 g5 33. hxg5 Bxg5 34. Nd3 fxe4 35. fxe4 Be3 36. Nb4 a5 37. Nc2 1/2-1/2